000 01924cam a22004814i 4500
003 PE-LiUPU
005 20250731173426.0
008 150706s2005 mou rb 000 0 spa d
020 _a9780758608253
035 _a(Sirsi) i9780758608253
040 _aPE-LiUPU
_bspa
_cPE-LiUPU
_erda
049 _aPRUA
082 0 4 _a270.6
_bR83
_221
100 1 _aRooy, Sidney H.,
_eautor.
245 1 0 _aLutero y la misión :
_bTeología y práctica de la misión en Martín Lutero /
_cSidney H. Rooy ; Héctor Hoppe, editor.
264 1 _aMissouri :
_bConcordia,
_c2005.
300 _a109 páginas ;
_c23 centímetros
336 _atext
_2rdacontent
337 _aunmediated
_2rdamedia
338 _avolume
_2rdacarrier
504 _aIncluye bibliografía.
505 0 _a¿Qué significa la misión? La meta -- ¿Quiénes hacen la misión? Los enviados -- ¿Por qué? la misión? Los motivos -- ¿Dónde hacer la misión? Los espacios y los tiempos -- ¿Cómo llevar a cabo la misión? Los métodos -- Puntos claves para la misión latinoamericana.
526 _aSEG42
526 _aSEG41
526 _aSEG40
526 _aSEG39
526 _aP94
526 _aP87
526 _aP86
526 _aP85
526 _aP77
526 _aP76
526 _aP35
541 _g001-0000612;
600 1 _aLutero, Martin.
_d1483-1546
_xContribuciones en teología
650 0 4 _aReformadores
_zAlemania.
910 _agl
_cjck
_d2012116
942 _2ddc
_cBOOK
949 _a270.6 R83
_wDEWEY
_c1
_i65770
_lCCODEBUL1
_mBUL
_p26.00
_r0
_sY
_tBOOK
_u2015-7-6
_xTEOLOGIA
_PP35
_o.STAFF. Colección General
994 _aC0
_bPEPRU
596 _a1
999 _a270.6 R83
_wDEWEY
_c54182
_i65770
_d54182
_e2018-10-29
_f2021-11-11
_g5
_lCCODEBUL1
_mBUL
_n2
_p26.00
_q5
_r0
_sY
_tBOOK
_u2015-7-6
_xTEOLOGIA
_PP35
_0COMPRA
_o.STAFF. Colección Teología
980 _81
_gALBERTO SANCHEZ Responsable de Automatización